| 000 | 01063nam0a2200301 4500 | ||
|---|---|---|---|
| 001 | RU\NLR\bibl\1460716 | ||
| 005 | 20250615234725.0 | ||
| 010 |
_a978-5-94280-442-8 _92000 |
||
| 021 |
_aRU _b2009-93459 _95914 |
||
| 035 | _a(NLR Aleph) 001452484 | ||
| 090 |
_a1531972 _c1531972 |
||
| 100 | _a20100114d2010 |||y0rusy50 ca | ||
| 101 | 0 | _arus | |
| 102 | _aRU | ||
| 105 | _ay ||||||||| | ||
| 200 | 1 |
_aДокументация по охране труда в организации _fБ.Т. Бадагуев |
|
| 210 |
_aМосква _cАльфа-Пресс _d2010 [т.е. 2009] |
||
| 215 |
_a271, [1] с. _d20 |
||
| 300 | _aКн. фактически издана в 2009 г. | ||
| 606 | 1 |
_aОхрана труда _xДокументация _yРоссийская Федерация _92316604 _3RU\NLR\auth\661386129 |
|
| 686 | _aУ24(2)7 | ||
| 700 | 1 |
_aБадагуев _bБ. Т. _gБулат Тимофеевич _4070 |
|
| 801 | 0 |
_aRU _bNLR _c20100114 _gRCR |
|
| 801 | 1 |
_aRU _bNLR _c20100114 |
|
| 830 | _aпо кн | ||
| 942 | _cBOOK | ||
| 980 | _aNB | ||